[Event "62nd POL-ch"]
[Site "Poznan POL"]
[Date "2005.04.21"]
[Round "1"]
[White "Szelag, Marcin"]
[Black "Urban, Klaudiusz"]
[Result "1/2-1/2"]
[WhiteElo "2497"]
[BlackElo "2497"]
[EventDate "2005.04.21"]
[PlyCount "99"]

1.e4 e5 2.Nf3 Nf6 3.Nxe5 d6 4.Nf3 Nxe4 5.d4 d5 6.Bd3 Be7 7.O-O Bf5 8.c4 
dxc4 9.Bxc4 O-O 10.Ne5 Nc6 11.Nxc6 bxc6 12.Nc3 Nxc3 13.bxc3 c5 14.Qf3 Bg6 
15.Be3 cxd4 16.Bxd4 c5 17.Be5 Qb6 18.Rfe1 Rfe8 19.a4 Bf6 20.a5 Qd8 21.Bxf6
Qxf6 22.Qxf6 gxf6 23.Kf1 Kf8 24.Rad1 Red8 25.f4 Bc2 26.Rxd8+ Rxd8 27.Kf2 
Bf5 28.h3 Rd6 29.Re2 Be6 30.Bxe6 fxe6 31.Rb2 Kf7 32.Rb7+ Kg6 33.Rxa7 Rd3 
34.Re7 Rxc3 35.Rxe6 Ra3 36.a6 Kf5 37.Rc6 Kxf4 38.Rxf6+ Ke4 39.Rh6 c4 40.
Rxh7 Rxa6 41.Rc7 Kd3 42.g4 c3 43.g5 c2 44.h4 Ra4 45.g6 Rxh4 46.g7 Rg4 47.
Rd7+ Kc3 48.Rc7+ Kb2 49.Rb7+ Kc3 50.Rc7+ 1/2-1/2

[Event "62nd POL-ch"]
[Site "Poznan POL"]
[Date "2005.04.21"]
[Round "1"]
[White "Kempinski, Robert"]
[Black "Miton, Kamil"]
[Result "1/2-1/2"]
[WhiteElo "2627"]
[BlackElo "2592"]
[EventDate "2005.04.21"]
[PlyCount "38"]

1.d4 d5 2.c4 c6 3.Nc3 Nf6 4.e3 a6 5.Qc2 b5 6.b3 Bg4 7.Nge2 Nbd7 8.h3 Bh5 
9.Nf4 Bg6 10.Nxg6 hxg6 11.Bb2 e6 12.Bd3 Bd6 13.a4 bxc4 14.bxc4 dxc4 15.
Bxc4 c5 16.dxc5 Nxc5 17.O-O O-O 18.Rfd1 Qc7 19.Rac1 Rfc8 1/2-1/2

[Event "62nd POL-ch"]
[Site "Poznan POL"]
[Date "2005.04.22"]
[Round "2"]
[White "Macieja, Bartlomiej"]
[Black "Kempinski, Robert"]
[Result "1/2-1/2"]
[WhiteElo "2613"]
[BlackElo "2627"]
[EventDate "2005.04.21"]
[PlyCount "38"]

1.e4 c5 2.Nc3 a6 3.Nge2 d6 4.g3 Nf6 5.Bg2 e6 6.O-O Be7 7.d4 cxd4 8.Nxd4 
Qc7 9.Be3 O-O 10.Qe2 Re8 11.Rad1 Nbd7 12.f4 Nb6 13.Bc1 e5 14.Nf5 Bxf5 15.
exf5 exf4 16.Bxf4 Rac8 17.Kh1 Nc4 18.Nd5 Nxd5 19.Bxd5 Bf6 1/2-1/2

[Event "62nd POL-ch"]
[Site "Poznan POL"]
[Date "2005.04.22"]
[Round "2"]
[White "Miton, Kamil"]
[Black "Szelag, Marcin"]
[Result "1-0"]
[WhiteElo "2592"]
[BlackElo "2497"]
[EventDate "2005.04.21"]
[PlyCount "125"]

1.e4 e6 2.d3 d5 3.Nd2 c5 4.Ngf3 Nc6 5.g3 g6 6.Bg2 Bg7 7.O-O Nge7 8.Re1 h6 
9.c3 b6 10.d4 cxd4 11.Nxd4 Nxd4 12.cxd4 O-O 13.e5 a5 14.Nf3 Ba6 15.h4 Rc8 
16.Bf4 Qc7 17.Qd2 Kh7 18.Rac1 Qd7 19.Rc3 Qa4 20.g4 Rxc3 21.bxc3 Bc4 22.Qb2
Rb8 23.Ra1 Bd3 24.Ne1 Ba6 25.Nc2 Nc6 26.h5 gxh5 27.gxh5 Qb5 28.Qxb5 Bxb5 
29.Bd2 Bf8 30.Ne3 Be7 31.Ng4 Be2 32.f3 Bg5 33.Bxg5 hxg5 34.Kf2 Bd3 35.Ke3 
Bf5 36.Nf6+ Kh6 37.f4 gxf4+ 38.Kxf4 Ne7 39.Bf1 Rc8 40.Rc1 Nc6 41.Re1 Ne7 
42.Re3 Rd8 43.Rg3 Rc8 44.Ba6 Rd8 45.Bb5 Rf8 46.a3 Bh7 47.Rg5 Bf5 48.Be8 
Bd3 49.Rg2 Bf5 50.Rg3 Bh7 51.Rg5 Bf5 52.a4 Bd3 53.Rg3 Bh7 54.Bb5 Rb8 55.
Be8 Nf5 56.Rg5 Ne3 57.Bxf7 Bf5 58.Ng8+ Kh7 59.Kxe3 Rf8 60.Rxf5 exf5 61.e6 
f4+ 62.Kf3 b5 63.e7 1-0

[Event "62nd POL-ch"]
[Site "Poznan POL"]
[Date "2005.04.22"]
[Round "2"]
[White "Bobras, Piotr"]
[Black "Grabarczyk, Miroslaw"]
[Result "1/2-1/2"]
[WhiteElo "2501"]
[BlackElo "2487"]
[EventDate "2005.04.21"]
[PlyCount "26"]

1.e4 e5 2.Nf3 Nc6 3.Bb5 Nf6 4.O-O Nxe4 5.d4 Nd6 6.Bxc6 dxc6 7.dxe5 Nf5 8.
Qxd8+ Kxd8 9.Nc3 h6 10.h3 Bd7 11.Bf4 Kc8 12.Rad1 b6 13.a3 Ne7 1/2-1/2

[Event "62nd POL-ch"]
[Site "Poznan POL"]
[Date "2005.04.22"]
[Round "2"]
[White "Moranda, Wojciech"]
[Black "Warakomski, Tomasz"]
[Result "0-1"]
[WhiteElo "2452"]
[BlackElo "2384"]
[EventDate "2005.04.21"]
[PlyCount "100"]

1.c4 e5 2.Nc3 Nf6 3.Nf3 Nc6 4.g3 Bb4 5.Bg2 O-O 6.O-O e4 7.Ng5 Bxc3 8.bxc3 
Re8 9.f3 e3 10.d3 d5 11.Qb3 Na5 12.Qa3 c6 13.cxd5 cxd5 14.f4 Bg4 15.Nf3 
Nc6 16.h3 Bxf3 17.Bxf3 h6 18.Rb1 Qd7 19.Kg2 Rac8 20.Bb2 b6 21.Rbc1 Na5 22.
c4 dxc4 23.Rfd1 Qe6 24.Bc3 cxd3 25.Rxd3 Nc4 26.Qxa7 Ne4 27.Qd7 Qg6 28.Qg4 
Qxg4 29.hxg4 b5 30.Bb4 Rc7 31.a4 bxa4 32.Rd4 Ned2 33.Bd5 Rd7 34.Bxd2 Nxd2 
35.Rc3 Red8 36.Rcd3 Kf8 37.Rxa4 Rxd5 38.Rxe3 Rd4 39.Rxd4 Rxd4 40.Ra3 g6 
41.Ra5 Re4 42.Kf2 Nb3 43.Rd5 Nd4 44.e3 Nc2 45.Rd3 Rc4 46.Rd8+ Ke7 47.Rh8 
Rc3 48.Rxh6 Nxe3 49.Rh4 Ke6 50.Ke2 Ng2 0-1

[Event "62nd POL-ch"]
[Site "Poznan POL"]
[Date "2005.04.23"]
[Round "3"]
[White "Szelag, Marcin"]
[Black "Macieja, Bartlomiej"]
[Result "1/2-1/2"]
[WhiteElo "2497"]
[BlackElo "2613"]
[EventDate "2005.04.21"]
[PlyCount "84"]

1.e4 c5 2.Nf3 g6 3.d4 Bg7 4.Nc3 cxd4 5.Nxd4 Nc6 6.Be3 Nf6 7.Bc4 d6 8.f3 
Qb6 9.Nf5 Qxb2 10.Nxg7+ Kf8 11.Nd5 Nxd5 12.Bxd5 Kxg7 13.O-O Qc3 14.Qc1 h5 
15.Rb1 f6 16.Rb3 Qa5 17.Qb2 Qc7 18.f4 h4 19.h3 Rh5 20.Rb5 b6 21.e5 Bb7 22.
Bf3 Rhh8 23.exf6+ exf6 24.Rg5 Ne7 25.Bxb7 Qxb7 26.Bd4 Raf8 27.f5 Qd7 28.
fxg6 Qe6 29.Qc3 Rh6 30.Qc7 Rxg6 31.Rxg6+ Kxg6 32.Qxa7 Nf5 33.Bf2 Rc8 34.
Re1 Qd5 35.Qxb6 Qxa2 36.Re4 Rc4 37.Rxc4 Qxc4 38.Qb3 Qf4 39.Qg8+ Ng7 40.Qb3
Qc1+ 41.Kh2 Qf4+ 42.Kg1 Qc1+ 1/2-1/2

[Event "62nd POL-ch"]
[Site "Poznan POL"]
[Date "2005.04.23"]
[Round "3"]
[White "Kempinski, Robert"]
[Black "Socko, Bartosz"]
[Result "1/2-1/2"]
[WhiteElo "2627"]
[BlackElo "2583"]
[EventDate "2005.04.21"]
[PlyCount "26"]

1.d4 Nf6 2.c4 g6 3.Nc3 Bg7 4.Nf3 d6 5.g3 O-O 6.Bg2 Nbd7 7.O-O e5 8.h3 Re8 
9.e4 exd4 10.Nxd4 a6 11.Re1 Rb8 12.Rb1 Ne5 13.b3 c5 1/2-1/2

[Event "62nd POL-ch"]
[Site "Poznan POL"]
[Date "2005.04.23"]
[Round "3"]
[White "Grabarczyk, Miroslaw"]
[Black "Urban, Klaudiusz"]
[Result "1/2-1/2"]
[WhiteElo "2487"]
[BlackElo "2497"]
[EventDate "2005.04.21"]
[PlyCount "21"]

1.d4 g6 2.c4 Bg7 3.g3 c6 4.Nf3 d5 5.Qb3 dxc4 6.Qxc4 Bg4 7.Nbd2 Nf6 8.Bg2 
Na6 9.O-O O-O 10.b3 Rc8 11.Bb2 1/2-1/2

[Event "62nd POL-ch"]
[Site "Poznan POL"]
[Date "2005.04.24"]
[Round "4"]
[White "Macieja, Bartlomiej"]
[Black "Czarnota, Pawel"]
[Result "1-0"]
[WhiteElo "2613"]
[BlackElo "2478"]
[EventDate "2005.04.21"]
[PlyCount "87"]

1.e4 c5 2.Nf3 d6 3.d4 cxd4 4.Nxd4 Nf6 5.Nc3 Nc6 6.Bc4 e6 7.Be3 Be7 8.Qe2 
O-O 9.O-O-O a6 10.Bb3 Nd7 11.f4 Nc5 12.Nxc6 Nxb3+ 13.cxb3 bxc6 14.e5 Qc7 
15.exd6 Bxd6 16.Qf2 Be7 17.Bb6 Qb8 18.Na4 e5 19.f5 e4 20.g4 a5 21.Rhe1 Re8
22.Bc5 Qe5 23.Bxe7 Qxe7 24.Nc5 Qg5+ 25.Qd2 Qxd2+ 26.Rxd2 h5 27.Rxe4 Kf8 
28.h3 Rb8 29.Rxe8+ Kxe8 30.Rd6 hxg4 31.hxg4 Rb4 32.Rxc6 Kd8 33.f6 g5 34.
Nd3 Rxg4 35.Ne5 Rg1+ 36.Kd2 Be6 37.Ke2 Rg2+ 38.Ke3 Rg1 39.Rd6+ Kc7 40.Rxe6
fxe6 41.Kf2 Rd1 42.f7 Rd8 43.Ng6 Kd6 44.Kf3 1-0

[Event "62nd POL-ch"]
[Site "Poznan POL"]
[Date "2005.04.24"]
[Round "4"]
[White "Moranda, Wojciech"]
[Black "Markowski, Tomasz"]
[Result "0-1"]
[WhiteElo "2452"]
[BlackElo "2560"]
[EventDate "2005.04.21"]
[PlyCount "54"]

1.e4 c5 2.Nf3 e6 3.c4 Nc6 4.Nc3 Nf6 5.Be2 e5 6.d3 d6 7.O-O g6 8.Ne1 Bg7 9.
f4 Nd4 10.Nc2 O-O 11.Ne3 exf4 12.Rxf4 Be6 13.Rf2 a6 14.Nc2 Nd7 15.Be3 Nxc2
16.Qxc2 Rb8 17.Rd1 Ne5 18.d4 cxd4 19.Bxd4 Qc7 20.b3 b5 21.Bxe5 Bxe5 22.Nd5
Qa7 23.c5 dxc5 24.Kh1 c4 25.Rff1 c3 26.b4 Rbc8 27.Rf3 Rfd8 0-1

[Event "62nd POL-ch"]
[Site "Poznan POL"]
[Date "2005.04.24"]
[Round "4"]
[White "Socko, Bartosz"]
[Black "Szelag, Marcin"]
[Result "1-0"]
[WhiteElo "2583"]
[BlackElo "2497"]
[EventDate "2005.04.21"]
[PlyCount "79"]

1.d4 Nf6 2.c4 g6 3.g3 Bg7 4.Bg2 O-O 5.Nc3 d6 6.Nf3 Nc6 7.O-O a6 8.h3 Bd7 
9.e4 e5 10.dxe5 dxe5 11.Be3 Be6 12.Qa4 Qc8 13.Kh2 Rd8 14.Rfd1 Rxd1 15.Rxd1
h6 16.c5 Qf8 17.Nd5 Rc8 18.a3 Kh8 19.Qc2 Nd7 20.b4 f5 21.Nh4 Qf7 22.f4 
exf4 23.Nxf4 Nf8 24.Nxe6 Qxe6 25.Qc1 f4 26.gxf4 Qe7 27.Nf3 Qxe4 28.Ne5 Qf5
29.Nxc6 bxc6 30.Bxc6 g5 31.Qc4 Qf6 32.Qe4 Ng6 33.fxg5 hxg5 34.Bd4 Ne5 35.
Re1 Nf3+ 36.Qxf3 Qxd4 37.Be4 Kg8 38.Bd5+ Kh7 39.Qh5+ Bh6 40.Re7+ 1-0

[Event "62nd POL-ch"]
[Site "Poznan POL"]
[Date "2005.04.25"]
[Round "5"]
[White "Warakomski, Tomasz"]
[Black "Urban, Klaudiusz"]
[Result "1/2-1/2"]
[WhiteElo "2384"]
[BlackElo "2497"]
[EventDate "2005.04.21"]
[PlyCount "37"]

1.e4 e5 2.Nf3 d6 3.d4 exd4 4.Nxd4 Nf6 5.Nc3 Be7 6.Be2 O-O 7.O-O Re8 8.Re1 
c6 9.Bf1 a5 10.b3 Na6 11.a3 Nc5 12.f3 Bd7 13.Kh1 Bf8 14.Qd2 b5 15.Bb2 Qb6 
16.Nce2 d5 17.exd5 Nxd5 18.Ng3 Ne7 19.Rad1 1/2-1/2

[Event "62nd POL-ch"]
[Site "Poznan POL"]
[Date "2005.04.25"]
[Round "5"]
[White "Jaracz, Pawel"]
[Black "Miton, Kamil"]
[Result "1/2-1/2"]
[WhiteElo "2530"]
[BlackElo "2592"]
[EventDate "2005.04.21"]
[PlyCount "32"]

1.d4 Nf6 2.Nf3 e6 3.c4 d5 4.g3 dxc4 5.Bg2 Nc6 6.Qa4 Bd6 7.O-O O-O 8.Qxc4 
e5 9.dxe5 Nxe5 10.Nxe5 Bxe5 11.Nc3 c6 12.Be3 Be6 13.Qb4 Bxc3 14.Qxc3 Nd5 
15.Bxd5 Bxd5 16.Bd4 f6 1/2-1/2

[Event "62nd POL-ch"]
[Site "Poznan POL"]
[Date "2005.04.25"]
[Round "5"]
[White "Grabarczyk, Miroslaw"]
[Black "Macieja, Bartlomiej"]
[Result "1/2-1/2"]
[WhiteElo "2487"]
[BlackElo "2613"]
[EventDate "2005.04.21"]
[PlyCount "41"]

1.d4 Nf6 2.c4 e6 3.Nc3 Bb4 4.Qc2 c5 5.dxc5 O-O 6.a3 Bxc5 7.Nf3 b6 8.Bg5 
Bb7 9.e3 Be7 10.Be2 h6 11.Bh4 d6 12.O-O a6 13.Rfd1 Qc7 14.Rac1 Nbd7 15.Nd2
Rac8 16.Qb1 Ne5 17.Bg3 Qc6 18.Nf3 Nh5 19.b4 Nxg3 20.hxg3 Nxf3+ 21.Bxf3 
1/2-1/2

[Event "62nd POL-ch"]
[Site "Poznan POL"]
[Date "2005.04.25"]
[Round "5"]
[White "Kempinski, Robert"]
[Black "Moranda, Wojciech"]
[Result "1/2-1/2"]
[WhiteElo "2627"]
[BlackElo "2452"]
[EventDate "2005.04.21"]
[PlyCount "67"]

1.Nf3 g6 2.b4 Bg7 3.d4 Nf6 4.e3 d6 5.Bb2 O-O 6.c4 Nbd7 7.Be2 e5 8.dxe5 Ng4
9.Nc3 Ngxe5 10.Nxe5 Nxe5 11.O-O Be6 12.Qb3 c6 13.f4 Nxc4 14.Bxc4 d5 15.
Nxd5 Bxb2 16.Qxb2 Bxd5 17.Rad1 Qe7 18.Bxd5 Qxe3+ 19.Qf2 Qxf2+ 20.Rxf2 cxd5
21.Rxd5 Rfd8 22.Rfd2 Rxd5 23.Rxd5 Rc8 24.Rd7 Rc1+ 25.Kf2 Rc2+ 26.Kf3 Rxa2 
27.Rxb7 a5 28.b5 a4 29.h4 a3 30.h5 gxh5 31.Ra7 Rb2 32.Rxa3 Rxb5 33.Kg3 Kg7
34.Kh4 1/2-1/2

[Event "62nd POL-ch"]
[Site "Poznan POL"]
[Date "2005.04.26"]
[Round "6"]
[White "Socko, Bartosz"]
[Black "Grabarczyk, Miroslaw"]
[Result "1-0"]
[WhiteElo "2583"]
[BlackElo "2487"]
[EventDate "2005.04.21"]
[PlyCount "147"]

1.e4 e5 2.Nf3 Nc6 3.Bb5 Nf6 4.O-O Nxe4 5.d4 Nd6 6.Bxc6 dxc6 7.dxe5 Nf5 8.
Qxd8+ Kxd8 9.Nc3 h6 10.b3 Ne7 11.h3 Bd7 12.Bb2 c5 13.Rad1 Kc8 14.Rd2 b6 
15.Rfd1 Be6 16.Ne2 g5 17.Rd8+ Kb7 18.Rxa8 Kxa8 19.h4 g4 20.Ne1 Nc6 21.Nf4 
Bf5 22.Nd5 Bg7 23.Nxc7+ Kb8 24.Nd5 Rd8 25.c4 Bxe5 26.Bxe5+ Nxe5 27.Kh2 Nc6
28.Nd3 Re8 29.Ne3 Bc8 30.Nf4 Nd4 31.b4 Re4 32.Nfd5 Nf5 33.Nxf5 Bxf5 34.
bxc5 Rxc4 35.cxb6 axb6 36.Ne3 Rc5 37.Rd6 Be6 38.Rxb6+ Kc7 39.Rb4 Bxa2 40.
Rxg4 Kd7 41.Re4 Be6 42.f4 f5 43.Rd4+ Ke7 44.Kg3 Rc3 45.Kf2 Ra3 46.Rb4 Ra2+
47.Kf3 Ra3 48.Rb5 Kf6 49.Re5 Ra2 50.Rc5 Ra3 51.Kf2 Ra4 52.Kg3 Ra3 53.Kf3 
Kf7 54.Ke2 Ra2+ 55.Rc2 Ra4 56.g3 Ra3 57.Rd2 Kf6 58.Rd3 Ra2+ 59.Kf3 Ke7 60.
Nd1 Bd7 61.Ke3 Be6 62.Nc3 Rg2 63.Kd4 Rb2 64.Ke5 Rb3 65.Rd6 Bf7 66.Rc6 Be8 
67.Nd5+ Kf7 68.Rc7+ Kf8 69.Rc3 Rb5 70.Rc8 Kf7 71.Rc7+ Kg6 72.Ke6 Rb8 73.
h5+ Kxh5 74.Rg7 1-0

[Event "62nd POL-ch"]
[Site "Poznan POL"]
[Date "2005.04.26"]
[Round "6"]
[White "Urban, Klaudiusz"]
[Black "Markowski, Tomasz"]
[Result "1/2-1/2"]
[WhiteElo "2497"]
[BlackElo "2560"]
[EventDate "2005.04.21"]
[PlyCount "26"]

1.d4 d5 2.Nf3 Nf6 3.g3 c6 4.Bg2 Bf5 5.c4 e6 6.Nc3 Nbd7 7.Qb3 Qb6 8.c5 Qc7 
9.Bf4 Qc8 10.Qd1 Be7 11.O-O Ne4 12.Nd2 Nxd2 13.Qxd2 O-O 1/2-1/2

[Event "62nd POL-ch"]
[Site "Poznan POL"]
[Date "2005.04.26"]
[Round "6"]
[White "Moranda, Wojciech"]
[Black "Bobras, Piotr"]
[Result "1/2-1/2"]
[WhiteElo "2452"]
[BlackElo "2501"]
[EventDate "2005.04.21"]
[PlyCount "117"]

1.e4 c5 2.Nf3 Nc6 3.d4 cxd4 4.Nxd4 Nf6 5.Nc3 e5 6.Ndb5 d6 7.Bg5 a6 8.Na3 
b5 9.Bxf6 gxf6 10.Nd5 f5 11.c3 Bg7 12.Bd3 Be6 13.Qh5 O-O 14.O-O f4 15.Rfd1
Rb8 16.Nc2 Qd7 17.h3 f5 18.Ncb4 Nxb4 19.Nxb4 a5 20.exf5 Bf7 21.Qh4 axb4 
22.f6 Bg6 23.fxg7 Qxg7 24.Bxg6 Qxg6 25.cxb4 Rf5 26.f3 Rg5 27.g4 fxg3 28.
Rxd6 Qf5 29.Rad1 Rf8 30.Rd8 Rxd8 31.Rxd8+ Kg7 32.Rd7+ Kg8 33.Rd3 Qf4 34.
Qxf4 exf4 35.Rd4 Rf5 36.b3 Kf7 37.a4 Kf6 38.a5 Kg5 39.Rd2 Rf6 40.Kg2 h5 
41.Rd5+ Kh4 42.Rd4 Kg5 43.Rd1 Rc6 44.Rd5+ Kh4 45.Rc5 Rd6 46.Rc2 Kg5 47.Ra2
Ra6 48.Rc2 Rd6 49.Ra2 Rd7 50.a6 Ra7 51.Ra5 Kh4 52.Ra1 Kg5 53.Ra5 Kf6 54.h4
Ke6 55.Kg1 Kd6 56.Rxb5 Rxa6 57.Rf5 Ra1+ 58.Kg2 Ra2+ 59.Kg1 1/2-1/2

[Event "62nd POL-ch"]
[Site "Poznan POL"]
[Date "2005.04.27"]
[Round "7"]
[White "Jaracz, Pawel"]
[Black "Socko, Bartosz"]
[Result "1-0"]
[WhiteElo "2530"]
[BlackElo "2583"]
[EventDate "2005.04.21"]
[PlyCount "87"]

1.d4 Nf6 2.c4 g6 3.g3 Bg7 4.Bg2 O-O 5.Nc3 d6 6.Nf3 a6 7.O-O Nc6 8.h3 Bf5 
9.Nh4 Bd7 10.b3 Qc8 11.d5 Na5 12.Kh2 b5 13.cxb5 axb5 14.Bd2 Qb7 15.e4 c5 
16.f4 b4 17.Ne2 Nxd5 18.exd5 Bxa1 19.Qxa1 Nxb3 20.Qb2 Nxd2 21.Qxd2 Bb5 22.
Re1 Bxe2 23.Rxe2 c4 24.f5 b3 25.axb3 cxb3 26.Qh6 b2 27.Nf3 f6 28.fxg6 e5 
29.Rxb2 Qg7 30.Qxg7+ Kxg7 31.Rb7+ Kh6 32.Rxh7+ Kxg6 33.Rd7 Rad8 34.Nh4+ 
Kh6 35.Rxd6 Rxd6 36.Nf5+ Kg5 37.Nxd6 f5 38.Nb7 e4 39.d6 Rf7 40.Nc5 Kf6 41.
Bf1 Ra7 42.Ba6 Ra8 43.Kg2 Rb8 44.Nd7+ 1-0

[Event "62nd POL-ch"]
[Site "Poznan POL"]
[Date "2005.04.27"]
[Round "7"]
[White "Szelag, Marcin"]
[Black "Moranda, Wojciech"]
[Result "0-1"]
[WhiteElo "2497"]
[BlackElo "2452"]
[EventDate "2005.04.21"]
[PlyCount "66"]

1.e4 c5 2.Nf3 d6 3.d4 cxd4 4.Nxd4 Nf6 5.Nc3 g6 6.Be3 Bg7 7.f3 O-O 8.Qd2 
Nc6 9.Bc4 Bd7 10.h4 Ne5 11.Bb3 h5 12.O-O-O Rc8 13.Kb1 Re8 14.Rhe1 Qa5 15.
Bg5 Rc5 16.f4 Nc4 17.Bxc4 Rxc4 18.Nb3 Qa6 19.f5 gxf5 20.Bh6 Bh8 21.Qg5+ 
Kh7 22.Nd5 Ng8 23.exf5 Nxh6 24.Nxe7 Rg4 25.Qxh5 d5 26.Rxd5 Qf6 27.c3 Rxe7 
28.Rf1 Bc6 29.Rd4 Ree4 30.g3 Qe5 31.a3 Re1+ 32.Rxe1 Qxe1+ 33.Ka2 Bxd4 0-1

[Event "62nd POL-ch"]
[Site "Poznan POL"]
[Date "2005.04.27"]
[Round "7"]
[White "Warakomski, Tomasz"]
[Black "Macieja, Bartlomiej"]
[Result "1/2-1/2"]
[WhiteElo "2384"]
[BlackElo "2613"]
[EventDate "2005.04.21"]
[PlyCount "53"]

1.e4 c5 2.Nf3 g6 3.d4 Bg7 4.dxc5 Qa5+ 5.c3 Qxc5 6.Na3 d6 7.Nb5 a6 8.Be3 
Qc6 9.Na7 Qc7 10.Nxc8 Qxc8 11.Bd4 Nf6 12.e5 dxe5 13.Nxe5 Nc6 14.Nxc6 Qxc6 
15.Be2 O-O-O 16.Bf3 Qe6+ 17.Qe2 Qxe2+ 18.Bxe2 Ne8 19.Bc5 e6 20.Rd1 Nc7 21.
Bf3 e5 22.O-O f5 23.Be2 Bh6 24.Be7 Rde8 25.Bc5 Rd8 26.Be7 Rde8 27.Bc5 
1/2-1/2

[Event "62nd POL-ch"]
[Site "Poznan POL"]
[Date "2005.04.29"]
[Round "8"]
[White "Socko, Bartosz"]
[Black "Warakomski, Tomasz"]
[Result "1-0"]
[WhiteElo "2583"]
[BlackElo "2384"]
[EventDate "2005.04.21"]
[PlyCount "123"]

1.e4 e5 2.Nf3 Nc6 3.Bb5 a6 4.Bxc6 dxc6 5.O-O f6 6.d4 Bg4 7.c3 Ne7 8.Be3 
Ng6 9.Nbd2 Bd6 10.h3 Be6 11.dxe5 fxe5 12.Ng5 Bg8 13.Qh5 Qf6 14.Ngf3 Bf7 
15.Ng5 Bg8 16.Rfe1 h6 17.Ngf3 O-O-O 18.Qf5+ Be6 19.Qxf6 gxf6 20.b4 Bf8 21.
a4 h5 22.h4 Rd3 23.Rac1 Bh6 24.Bxh6 Rxh6 25.Nf1 Bg4 26.N3h2 Nxh4 27.Nxg4 
hxg4 28.Red1 Rxd1 29.Rxd1 Rg6 30.Kh2 Rg5 31.Ne3 Ng6 32.Nf5 b6 33.g3 Rxf5 
34.exf5 Ne7 35.Rd3 Nxf5 36.f3 Nh6 37.Kg2 gxf3+ 38.Kxf3 Nf7 39.Kg4 e4 40.
Rd1 Nd6 41.Kf4 f5 42.Ke5 Kb7 43.Kd4 b5 44.a5 Kc8 45.Rh1 Kb7 46.Rh8 Nc4 47.
Re8 Nd6 48.Re7 Kc8 49.Re5 Kd7 50.Rc5 Kc8 51.Rxc6 Kb7 52.Rc5 Kb8 53.Re5 Kb7
54.Kd5 Kc8 55.Kc6 Kd8 56.Re6 Nc4 57.g4 fxg4 58.Rxe4 g3 59.Re2 Nd6 60.Rg2 
Ne4 61.Kb7 c5 62.Kxa6 1-0

[Event "62nd POL-ch"]
[Site "Poznan POL"]
[Date "2005.04.29"]
[Round "8"]
[White "Moranda, Wojciech"]
[Black "Urban, Klaudiusz"]
[Result "1/2-1/2"]
[WhiteElo "2452"]
[BlackElo "2497"]
[EventDate "2005.04.21"]
[PlyCount "83"]

1.e4 c6 2.d4 d5 3.e5 c5 4.dxc5 Nc6 5.Bb5 e6 6.Be3 Ne7 7.c3 Nf5 8.Bd4 Bd7 
9.Bxc6 Bxc6 10.Nf3 Nxd4 11.Qxd4 Qc7 12.b4 b6 13.cxb6 axb6 14.O-O Be7 15.
Rc1 O-O 16.a3 Ra4 17.c4 Qa7 18.cxd5 Bxd5 19.Nc3 Rxa3 20.Nxd5 exd5 21.Rab1 
Qb7 22.Qg4 Re8 23.Nd4 Raa8 24.Nf5 Bf8 25.Qd4 Rad8 26.Ne3 Qe7 27.f4 Qe6 28.
Rc3 g5 29.Rd3 gxf4 30.Nxd5 Kh8 31.Rbd1 Qxe5 32.Qxb6 Rb8 33.Qd4 Bg7 34.Qxe5
Bxe5 35.Kf2 Rec8 36.Kf3 Rc4 37.Re1 Bd6 38.Re4 Rxe4 39.Kxe4 Bxb4 40.Nxf4 
Bf8 41.Rd7 Kg8 42.Kf3 1/2-1/2

[Event "62nd POL-ch"]
[Site "Poznan POL"]
[Date "2005.04.30"]
[Round "9"]
[White "Markowski, Tomasz"]
[Black "Socko, Bartosz"]
[Result "0-1"]
[WhiteElo "2560"]
[BlackElo "2583"]
[EventDate "2005.04.21"]
[PlyCount "76"]

1.g3 c5 2.Bg2 Nc6 3.c4 g6 4.Nc3 Bg7 5.e3 d6 6.Nge2 e5 7.d3 h5 8.h3 Be6 9.
Qd2 Qd7 10.b3 Nge7 11.Nd5 Rb8 12.Bb2 O-O 13.Rd1 b5 14.Nxe7+ Nxe7 15.cxb5 
Rxb5 16.d4 exd4 17.exd4 c4 18.Nc3 Rbb8 19.d5 Bf5 20.bxc4 Rfc8 21.Ba1 Rxc4 
22.O-O Bxh3 23.Bxh3 Qxh3 24.Qe2 Rbb4 25.Qxe7 Rh4 26.Qxh4 Rxh4 27.gxh4 Qg4+
28.Kh1 Qxh4+ 29.Kg2 Qg4+ 30.Kh2 Qf3 31.Nb5 Bh6 32.Rd4 Bf4+ 33.Rxf4 Qxf4+ 
34.Kg2 Qg4+ 35.Kh2 Qe2 36.Rb1 Qxf2+ 37.Kh1 Kh7 38.Nc3 g5 0-1

[Event "62nd POL-ch"]
[Site "Poznan POL"]
[Date "2005.04.30"]
[Round "9"]
[White "Grabarczyk, Miroslaw"]
[Black "Szelag, Marcin"]
[Result "1/2-1/2"]
[WhiteElo "2487"]
[BlackElo "2497"]
[EventDate "2005.04.21"]
[PlyCount "194"]

1.d4 Nf6 2.c4 g6 3.g3 Bg7 4.Bg2 O-O 5.Nc3 d6 6.Nf3 Nc6 7.O-O a6 8.Qd3 e5 
9.dxe5 dxe5 10.Qxd8 Rxd8 11.Bg5 Be6 12.Nd2 h6 13.Bxf6 Bxf6 14.Nde4 Be7 15.
Nd5 Bxd5 16.cxd5 Nb4 17.Nc3 c6 18.dxc6 Nxc6 19.Nd5 Rab8 20.Rfd1 Kf8 21.Nb6
Bd6 22.Bxc6 bxc6 23.Nc4 Bc7 24.e4 Ke7 25.Kf1 Rxd1+ 26.Rxd1 Rb4 27.Rc1 h5 
28.Ke2 Rb5 29.b3 Kd7 30.h3 Rb4 31.Rc3 a5 32.a4 Rb8 33.Kd1 Ke7 34.Rd3 Ke6 
35.Ke2 Ra8 36.Ke3 Rc8 37.Kf3 Rh8 38.Kg2 Rb8 39.Kf3 Rh8 40.Ke2 Ra8 41.Rc3 
Rb8 42.f3 Kd7 43.Kd1 h4 44.g4 Ke6 45.Ke2 Kd7 46.Kd1 Ke6 47.Kc2 Kd7 48.Nb2 
Bd6 49.Nc4 Bc7 50.Rd3+ Ke6 51.Kc3 Rb7 52.Rd2 Rb8 53.Rd1 f6 54.Rd3 Rb7 55.
Kc2 Rb8 56.Rd2 Rb7 57.Kc3 Rb8 58.Rd1 Rb7 59.Rb1 Rb4 60.Rc1 Rb8 61.Kc2 Rb7 
62.Rd1 Rb8 63.Rd3 Rb7 64.Rc3 Kd7 65.Nb2 Bd6 66.Nd3 Rb8 67.Ne1 Bb4 68.Rd3+ 
Ke6 69.Ng2 g5 70.Ne3 Bc5 71.Nc4 Bb4 72.Rd1 Ke7 73.Nb2 Bd6 74.Nd3 Ke6 75.
Rc1 Ke7 76.Kb2 Kd7 77.Rc4 Kc7 78.Kc2 Rb7 79.Kc3 Rb8 80.b4 axb4+ 81.Nxb4 
Bxb4+ 82.Rxb4 Ra8 83.Kb3 c5 84.Rc4 Kc6 85.Kc2 Ra7 86.Kb2 Rb7+ 87.Kc2 Rd7 
88.Rc3 Rd4 89.Ra3 Kb6 90.Rb3+ Ka6 91.Rb5 Rxa4 92.Rxc5 Kb6 93.Rd5 Kc6 94.
Kd3 Ra1 95.Ke3 Ra3+ 96.Ke2 Ra2+ 97.Ke3 Ra3+ 1/2-1/2

[Event "62nd POL-ch"]
[Site "Poznan POL"]
[Date "2005.04.30"]
[Round "9"]
[White "Urban, Klaudiusz"]
[Black "Miton, Kamil"]
[Result "0-1"]
[WhiteElo "2497"]
[BlackElo "2592"]
[EventDate "2005.04.21"]
[PlyCount "79"]

1.d4 d5 2.Nf3 Nf6 3.g3 Bf5 4.Bg2 e6 5.O-O Be7 6.c4 c6 7.Nc3 O-O 8.Nh4 dxc4
9.Nxf5 exf5 10.e3 Nbd7 11.Qc2 g6 12.Nb1 Nb6 13.Nd2 h5 14.Nxc4 h4 15.Rd1 
Nxc4 16.Qxc4 Bd6 17.Bd2 Qe7 18.Be1 Kg7 19.Rd3 hxg3 20.hxg3 Rh8 21.Rad1 Ne4
22.b4 Rac8 23.d5 c5 24.bxc5 Rxc5 25.Qd4+ f6 26.Bb4 Rc2 27.Bxd6 Nxd6 28.
R3d2 Rxd2 29.Rxd2 Rc8 30.Bf3 b6 31.Qb4 Rc4 32.Qb3 Qc7 33.Kg2 Rc3 34.Qb4 
Rc4 35.Qb3 a5 36.Rd3 b5 37.Rd1 Qc5 38.Rh1 Rc3 39.Qb1 g5 40.Qd1 0-1

[Event "62nd POL-ch"]
[Site "Poznan POL"]
[Date "2005.05.01"]
[Round "10"]
[White "Czarnota, Pawel"]
[Black "Grabarczyk, Miroslaw"]
[Result "1/2-1/2"]
[WhiteElo "2478"]
[BlackElo "2487"]
[EventDate "2005.04.21"]
[PlyCount "40"]

1.e4 e5 2.Nf3 Nc6 3.Bb5 Nf6 4.O-O Nxe4 5.d4 Nd6 6.Ba4 e4 7.Re1 Be7 8.Ne5 
O-O 9.Nc3 Nf5 10.Rxe4 Nfxd4 11.Nxc6 Nxc6 12.Nd5 Bf6 13.Qf3 d6 14.Nxf6+ 
Qxf6 15.Qxf6 gxf6 16.Bxc6 bxc6 17.Bh6 Rd8 18.Re3 Kh8 19.Re7 Be6 20.Rxc7 
Rdc8 1/2-1/2

[Event "62nd POL-ch"]
[Site "Poznan POL"]
[Date "2005.05.01"]
[Round "10"]
[White "Kempinski, Robert"]
[Black "Warakomski, Tomasz"]
[Result "1-0"]
[WhiteElo "2627"]
[BlackElo "2384"]
[EventDate "2005.04.21"]
[PlyCount "63"]

1.Nf3 d5 2.d4 Nf6 3.e3 e6 4.Bd3 c5 5.b3 Be7 6.O-O O-O 7.Bb2 b6 8.Nbd2 Bb7 
9.Qe2 Nbd7 10.c4 Rc8 11.Rac1 Rc7 12.cxd5 Nxd5 13.Rfd1 cxd4 14.Nxd4 Nc5 15.
Bb1 Bf6 16.Nc4 Rd7 17.Qg4 g6 18.h4 h5 19.Qe2 Nf4 20.exf4 Bxd4 21.Ne5 Rd5 
22.Bxd4 Rxd4 23.b4 Na4 24.Rxd4 Qxd4 25.Nxg6 fxg6 26.Qxe6+ Kh8 27.Qxg6 Qg7 
28.Qxh5+ Kg8 29.g3 Qh8 30.Qb5 Qb2 31.Rd1 Bf3 32.Qd3 1-0

[Event "62nd POL-ch"]
[Site "Poznan POL"]
[Date "2005.05.01"]
[Round "10"]
[White "Socko, Bartosz"]
[Black "Bobras, Piotr"]
[Result "1/2-1/2"]
[WhiteElo "2583"]
[BlackElo "2501"]
[EventDate "2005.04.21"]
[PlyCount "59"]

1.d4 Nf6 2.c4 g6 3.f3 c5 4.d5 d6 5.e4 Bg7 6.Nc3 O-O 7.Nge2 e6 8.Ng3 exd5 
9.cxd5 a6 10.a4 Nbd7 11.Be2 h5 12.O-O Re8 13.Bg5 Qb6 14.Qd2 Nh7 15.Be3 h4 
16.Nh1 f5 17.Nf2 Ne5 18.a5 Qc7 19.g3 Bd7 20.exf5 gxf5 21.Kh1 hxg3 22.hxg3 
Ng6 23.f4 Nf6 24.Nh3 Re7 25.Ng5 Rae8 26.Bg1 Nh8 27.Bd3 Nf7 28.Bc4 Nxg5 29.
fxg5 Ng4 30.Rf3 1/2-1/2

[Event "62nd POL-ch"]
[Site "Poznan POL"]
[Date "2005.05.01"]
[Round "10"]
[White "Macieja, Bartlomiej"]
[Black "Urban, Klaudiusz"]
[Result "1-0"]
[WhiteElo "2613"]
[BlackElo "2497"]
[EventDate "2005.04.21"]
[PlyCount "65"]

1.e4 c6 2.d4 d5 3.e5 c5 4.Nf3 cxd4 5.Nxd4 e6 6.c4 Nc6 7.Nc3 a6 8.cxd5 exd5
9.Nxc6 bxc6 10.Bd3 Bc5 11.O-O Ne7 12.Na4 Ba7 13.Qc2 h6 14.Kh1 O-O 15.b3 
Bd4 16.Bb2 Bxb2 17.Qxb2 Bf5 18.Bxf5 Nxf5 19.Qc2 Ne7 20.f4 Qc7 21.Nc5 Rfe8 
22.Rae1 Ng6 23.Qc3 a5 24.Nd3 Rad8 25.f5 Nf8 26.Qd4 Nh7 27.Qg4 Kh8 28.f6 
Rg8 29.Qh4 Rde8 30.fxg7+ Rxg7 31.Qxh6 Reg8 32.Nf4 Qe7 33.Qxc6 1-0